[Event "Amapa-ch 16th"]
[Site "Macapa"]
[Date "2021.12.19"]
[Round "9"]
[White "Carvalho, Cleber del Castillo"]
[Black "Alves, Josue Pires"]
[Result "1/2-1/2"]
[WhiteElo "1955"]
[BlackElo "1709"]
[PlyCount "159"]
[EventDate "2021.12.10"]
[EventType "tourn"]
[EventRounds "10"]
[EventCountry "BRA"]
[SourceTitle "EXT 2023"]
[Source "ChessBase"]
[SourceDate "2022.10.05"]
[SourceVersion "1"]
[SourceVersionDate "2022.10.05"]
[SourceQuality "1"]

1. e4 c6 2. d4 g6 3. Nc3 Bg7 4. a4 Qb6 5. Nf3 a5 6. Bc4 d6 7. h3 Nf6 8. e5 dxe5 9. dxe5 Nfd7 10. e6 fxe6 11. Bxe6 Na6 12. 0-0 Nac5 13. Bc4 e6 14. Qe2 0-0 15. Ng5 Ne5 16. Be3 Qb4 17. Bxc5 Qxc5 18. Bxe6+ Kh8 19. Bxc8 Rfxc8 20. Nce4 Qc4 21. Qd2 h6 22. Nd6 Qh4 23. Ne6 Nc4 24. Nxc4 Qxc4 25. Qd7 Bxb2 26. Rad1 Bc3 27. Rd3 Re8 28. Re1 Rad8 29. Qf7 Rf8 30. Qxg6 Qh4 31. Re4 Qxf2+ 32. Kh2 Qf6 33. Qxf6+ Bxf6 34. Nxd8 Bxd8 35. Rd7 b5 36. Re6 Bf6 37. Rxc6 bxa4 38. Ra6 Bc3 39. Rxh6+ Kg8 40. Rg6+ Kh8 41. Rg4 Be5+ 42. Kg1 Rf4 43. Rxf4 Bxf4 44. Rd3 Bc1 45. Kf1 Bb2 46. Rd5 Bc3 47. Rh5+ Kg7 48. Rh4 Bb4 49. c3 a3 50. cxb4 a2 51. Rg4+ Kf6 52. bxa5 a1Q+ 53. Kf2 Qxa5 54. Rf4+ Ke5 55. Rf3 Qb6+ 56. Kg3 Qg6+ 57. Kf2 Qc2+ 58. Kg1 Qd1+ 59. Kf2 Qh1 60. Kg3 Kd5 61. Rd3+ Ke5 62. Re3+ Kf5 63. Rf3+ Kg5 64. Re3 Qf1 65. Rf3 Qg1 66. h4+ Kh5 67. Rf5+ Kg6 68. Re5 Qd4 69. Rg5+ Kf6 70. Kh3 Qd7+ 71. Kh2 Qd4 72. g3 Qf2+ 73. Kh3 Qg1 74. g4 Ke6 75. Rf5 Qe3+ 76. Kg2 Qa3 77. h5 Qe3 78. Kh2 Ke7 79. Kg2 Ke6 80. Kh2 1/2-1/2

[Event "Amapa-ch 16th"]
[Site "Macapa"]
[Date "2021.12.18"]
[Round "7"]
[White "Pires, Enzo Luis Albuquerq"]
[Black "Alves, Josue Pires"]
[Result "0-1"]
[WhiteElo "1620"]
[BlackElo "1709"]
[PlyCount "106"]
[EventDate "2021.12.10"]
[EventType "tourn"]
[EventRounds "10"]
[EventCountry "BRA"]
[SourceTitle "EXT 2023"]
[Source "ChessBase"]
[SourceDate "2022.10.05"]
[SourceVersion "1"]
[SourceVersionDate "2022.10.05"]
[SourceQuality "1"]

1. d4 d5 2. c4 c6 3. Nc3 Bf5 4. cxd5 cxd5 5. Qb3 e6 6. Qxb7 Nd7 7. e3 Ngf6 8. Bb5 Be7 9. Bxd7+ Nxd7 10. Nge2 0-0 11. Ng3 Bd3 12. Qb3 Rb8 13. Qd1 Ba6 14. Nce2 Bb4+ 15. Bd2 Qa5 16. b3 Nf6 17. f3 Rfc8 18. Bxb4 Qxb4+ 19. Qd2 Qd6 20. 0-0 h5 21. Rfc1 h4 22. Nf1 g6 23. Nf4 Kg7 24. Nd3 Bxd3 25. Qxd3 Qa3 26. Rc2 g5 27. Nd2 g4 28. Kf2 Qd6 29. f4 Nh5 30. g3 Qe7 31. e4 Qb4 32. Rac1 Rxc2 33. Rxc2 a5 34. Rc5 hxg3+ 35. hxg3 Nf6 36. e5 Nd7 37. Rc7 Rb7 38. Rc6 Rb8 39. Rd6 Nf8 40. Qe2 Ng6 41. Qe3 Rh8 42. Kg2 Ne7 43. f5 Nxf5 44. Qg5+ Kh7 45. Rd7 Nh6 46. Qf4 Rf8 47. Nf1 Qb5 48. Rc7 Qe2+ 49. Kg1 Qxa2 50. Ne3 Qxb3 51. Rc2 Rg8 52. Rh2 Qb1+ 53. Kg2 Qe4+ 0-1

[Event "Faculdade Crista da Amazonia op 16th"]
[Site "Faculdade Crista da Amazonia"]
[Date "2021.08.29"]
[Round "5"]
[White "Alves, Josue Pires"]
[Black "Carvalho, Marcio Gomes"]
[Result "1-0"]
[WhiteElo "1714"]
[BlackElo "1639"]
[PlyCount "55"]
[EventDate "2021.08.27"]
[EventType "swiss"]
[EventRounds "5"]
[EventCountry "BRA"]
[SourceTitle "CBM 204 Extra"]
[Source "ChessBase"]
[SourceDate "2021.11.30"]
[SourceVersion "1"]
[SourceVersionDate "2021.11.30"]
[SourceQuality "1"]

1. d4 Nf6 2. Nf3 d5 3. Bf4 Bf5 4. Nh4 Bd7 5. e3 h6 6. Nf3 Nc6 7. c3 a6 8. Bd3 e6 9. Nbd2 Bd6 10. Ne5 Ne7 11. g4 Nh7 12. h4 0-0 13. g5 Bxe5 14. dxe5 hxg5 15. Bxh7+ Kxh7 16. Qh5+ Kg8 17. hxg5 f6 18. g6 Nxg6 19. Qxg6 Be8 20. Qh7+ Kf7 21. Rg1 Rg8 22. Bh6 Ke7 23. Qxg8 Kd7 24. Rxg7+ Kc8 25. exf6 Bh5 26. Qxd8+ Kxd8 27. Rg8+ Be8 28. f7 1-0

[Event "Faculdade Crista da Amazonia op 16th"]
[Site "Faculdade Crista da Amazonia"]
[Date "2021.08.29"]
[Round "4"]
[White "Teles, Elder De Oliveira"]
[Black "Alves, Josue Pires"]
[Result "1-0"]
[WhiteElo "1805"]
[BlackElo "1714"]
[PlyCount "88"]
[EventDate "2021.08.27"]
[EventType "swiss"]
[EventRounds "5"]
[EventCountry "BRA"]
[SourceTitle "CBM 204 Extra"]
[Source "ChessBase"]
[SourceDate "2021.11.30"]
[SourceVersion "1"]
[SourceVersionDate "2021.11.30"]
[SourceQuality "1"]

1. c4 Nf6 2. Nc3 e5 3. g3 Bb4 4. Bg2 Bxc3 5. bxc3 0-0 6. Nf3 d6 7. 0-0 h6 8. Rb1 Nc6 9. d3 Rb8 10. Nd2 Na5 11. Nb3 c5 12. Qc2 Nc6 13. Nxc5 dxc5 14. Bxc6 Bh3 15. Bg2 Bxg2 16. Kxg2 b6 17. f3 Qd7 18. Be3 Rbd8 19. a4 Qc6 20. Kg1 Rd6 21. a5 bxa5 22. Rb5 Qc7 23. Bxc5 Rfd8 24. Bxd6 Rxd6 25. Qa4 Ra6 26. Ra1 Nh5 27. Rxa5 Rg6 28. Qe8+ Kh7 29. Qxe5 Qb6+ 30. c5 Qb2 31. R5a2 Qb3 32. Qxh5 Qxc3 33. Qf5 Qd4+ 34. Kf1 h5 35. c6 h4 36. Ra4 Qd8 37. c7 Qxc7 38. Rxh4+ Kg8 39. Rc4 Qe7 40. Qc8+ Kh7 41. Rh4+ Rh6 42. Qf5+ g6 43. Rxh6+ Kxh6 44. Qf4+ Kh7 1-0

[Event "Bairro Buritizal Amapaense-ch"]
[Site "Bairro Buritizal"]
[Date "2021.06.26"]
[Round "3"]
[White "Alves, Josue Pires"]
[Black "De Oliveira, Ziro Diniz"]
[Result "1-0"]
[WhiteElo "1726"]
[BlackElo "1800"]
[PlyCount "45"]
[EventDate "2021.06.25"]
[EventType "swiss"]
[EventRounds "5"]
[EventCountry "BRA"]
[SourceTitle "EXT 2022"]
[Source "ChessBase"]
[SourceDate "2021.10.06"]
[SourceVersion "1"]
[SourceVersionDate "2021.10.06"]
[SourceQuality "1"]

1. e4 e5 2. d4 Nf6 3. Nf3 Nc6 4. dxe5 Nxe4 5. Bc4 Bc5 6. Bxf7+ Kf8 7. 0-0 Ne7 8. Bb3 h6 9. Be3 Bxe3 10. fxe3 Nf5 11. Nd4 Ke8 12. Nxf5 Qg5 13. Qh5+ Kd8 14. Qxg5+ hxg5 15. Nxg7 Ke7 16. Rf7+ Kd8 17. Nc3 Nc5 18. Raf1 c6 19. Rf8+ Rxf8 20. Rxf8+ Kc7 21. Ne8+ Kb6 22. Na4+ Nxa4 23. Bxa4 1-0

[Event "Amapa-ch 14th"]
[Site "Macapa"]
[Date "2019.12.22"]
[Round "4"]
[White "Alves, Josue Pires"]
[Black "Cohen Farias, Paulo"]
[Result "0-1"]
[WhiteElo "1840"]
[BlackElo "2101"]
[PlyCount "86"]
[EventDate "2019.12.20"]
[EventType "tourn"]
[EventRounds "10"]
[EventCountry "BRA"]
[SourceTitle "EXT 2021"]
[Source "ChessBase"]
[SourceDate "2020.10.23"]
[SourceVersion "1"]
[SourceVersionDate "2020.10.23"]
[SourceQuality "1"]

1. d4 d6 2. e4 Nf6 3. Bd3 c5 4. c3 e6 5. Nf3 Be7 6. 0-0 Qc7 7. e5 Nd5 8. a3 Nc6 9. c4 Nb6 10. exd6 Bxd6 11. d5 exd5 12. Re1+ Kf8 13. cxd5 Nd4 14. Nxd4 cxd4 15. Be4 Bxh2+ 16. Kh1 Be5 17. Qh5 Bd7 18. Nd2 f5 19. Bxf5 g6 20. Qe2 Bxf5 21. Qxe5 Qxe5 22. Rxe5 Re8 23. Rxe8+ Kxe8 24. Nf3 d3 25. d6 Nc4 26. Bf4 Kd7 27. Nd4 Be4 28. f3 Bd5 29. Nb5 Rf8 30. Bg3 Nxb2 31. Be5 Nc4 32. Bg7 Rf7 33. Bc3 a6 34. Nd4 Rf4 35. Rd1 Ne5 36. Nb5 Nxf3 37. g3 Nd4+ 38. Kh2 Rf2+ 39. Kg1 Rg2+ 40. Kf1 Nxb5 41. Be5 Rh2 42. Rxd3 Bc4 43. Kg1 Bxd3 0-1

[Event "Macapa Platon Memorial"]
[Site "Macapa"]
[Date "2019.11.17"]
[Round "5"]
[White "Del Aguila, Victor Montero"]
[Black "Alves, Josue Pires"]
[Result "1-0"]
[WhiteElo "1759"]
[BlackElo "1852"]
[PlyCount "59"]
[EventDate "2019.11.15"]
[EventType "swiss"]
[EventRounds "5"]
[EventCountry "BRA"]
[SourceTitle "EXT 2021"]
[Source "ChessBase"]
[SourceDate "2020.10.23"]
[SourceVersion "1"]
[SourceVersionDate "2020.10.23"]
[SourceQuality "1"]

1. d4 Nf6 2. c4 e6 3. Nf3 d5 4. Nc3 Be7 5. Bf4 c6 6. e3 0-0 7. Bd3 dxc4 8. Bxc4 Nd5 9. Bg3 Bb4 10. Qd3 Qa5 11. Rc1 Nxc3 12. bxc3 Ba3 13. Rb1 b5 14. Bb3 b4 15. c4 c5 16. 0-0 Bb7 17. Bc2 f5 18. Bd6 Rd8 19. Bxc5 Be4 20. Qb3 Na6 21. Be7 Bxc2 22. Qxc2 b3 23. Bxd8 Qxd8 24. Rxb3 Bd6 25. c5 Bc7 26. Qc4 Qc8 27. Ng5 Kh8 28. Nxe6 Bd6 29. Ng5 Bc7 30. Nf7+ 1-0

[Event "Macapa Franco Memorial 7th"]
[Site "Macapa"]
[Date "2019.09.14"]
[Round "3"]
[White "Teles, Elder De Oliveira"]
[Black "Alves, Josue Pires"]
[Result "1-0"]
[WhiteElo "1829"]
[BlackElo "1848"]
[PlyCount "103"]
[EventDate "2019.09.13"]
[EventType "swiss"]
[EventRounds "6"]
[EventCountry "BRA"]
[SourceTitle "EXT 2020"]
[Source "ChessBase"]
[SourceDate "2019.10.17"]
[SourceVersion "1"]
[SourceVersionDate "2019.10.17"]
[SourceQuality "1"]

1. d4 d5 2. Nf3 Bg4 3. Ne5 Bf5 4. Nc3 c6 5. e3 f6 6. Nf3 Nd7 7. Bd3 Bxd3 8. Qxd3 e5 9. e4 Bb4 10. 0-0 Bxc3 11. bxc3 Ne7 12. c4 dxe4 13. Qxe4 f5 14. Qh4 e4 15. Ng5 Ng6 16. Qh3 Qf6 17. Qe3 0-0 18. f4 h6 19. Nh3 c5 20. Bb2 Nb6 21. Qb3 Qf7 22. d5 Nc8 23. Rad1 Nd6 24. Be5 Rfd8 25. Kh1 Kh8 26. Ng1 Qe7 27. Bb2 Rd7 28. Ne2 Qh4 29. Be5 Nf7 30. Bb2 Qg4 31. Rde1 Re8 32. h3 Qh4 33. Qb5 Qe7 34. Ng3 Nh4 35. Nh5 Rg8 36. Re3 Kh7 37. a4 Rd6 38. Qxc5 Nxg2 39. Rg3 Qh4 40. Qd4 g6 41. c5 Ra6 42. d6 Qxh5 43. Kxg2 Nd8 44. Qf6 g5 45. Qxf5+ Qg6 46. Qd7+ Qf7 47. Qxf7+ Nxf7 48. fxg5 Nxg5 49. h4 Nf3 50. Rxg8 Kxg8 51. d7 Rg6+ 52. Kh3 1-0

[Event "Norte Nordeste-ch Amateur U2200"]
[Site "Fortaleza"]
[Date "2019.04.27"]
[Round "4"]
[White "Alves, Josue Pires"]
[Black "Parente, Renan Braz"]
[Result "0-1"]
[WhiteElo "1820"]
[BlackElo "2173"]
[PlyCount "78"]
[EventDate "2019.04.26"]
[EventType "swiss"]
[EventRounds "6"]
[EventCountry "BRA"]
[SourceTitle "EXT 2020"]
[Source "ChessBase"]
[SourceDate "2019.10.17"]
[SourceVersion "1"]
[SourceVersionDate "2019.10.17"]
[SourceQuality "1"]

1. Nf3 e6 2. c4 c5 3. Nc3 Nf6 4. e3 Nc6 5. Be2 d5 6. d4 dxc4 7. Bxc4 cxd4 8. exd4 Bb4 9. 0-0 0-0 10. a3 Bxc3 11. bxc3 Qc7 12. Bd3 b6 13. Bg5 Nd5 14. Qc2 h6 15. Bh4 Bb7 16. Bg3 Qd7 17. Ne5 Nxe5 18. Bxe5 Rac8 19. c4 Ne7 20. Qe2 Nf5 21. Rfd1 f6 22. Bxf5 exf5 23. Bf4 Rfe8 24. Qa2 g5 25. Bc1 Qe6 26. Bd2 Rxc4 27. Re1 Qd5 28. Rxe8+ Kf7 29. Re4 fxe4 30. Be3 f5 31. Qe2 Kg6 32. g3 Qb5 33. Kg2 Bd5 34. h4 Rb4 35. Qd1 Rb2 36. hxg5 hxg5 37. Bc1 e3+ 38. Kh3 Rxf2 39. g4 Bg2+ 0-1

[Event "Norte Nordeste-ch Amateur U2200"]
[Site "Fortaleza"]
[Date "2019.04.26"]
[Round "2"]
[White "Alves, Josue Pires"]
[Black "Mateus, Jerluce de Alcantar"]
[Result "1-0"]
[WhiteElo "1820"]
[BlackElo "1970"]
[PlyCount "79"]
[EventDate "2019.04.26"]
[EventType "swiss"]
[EventRounds "6"]
[EventCountry "BRA"]
[SourceTitle "EXT 2020"]
[Source "ChessBase"]
[SourceDate "2019.10.17"]
[SourceVersion "1"]
[SourceVersionDate "2019.10.17"]
[SourceQuality "1"]

1. c4 Nf6 2. Nc3 g6 3. d4 d5 4. Bg5 c6 5. e3 Bg7 6. Nf3 0-0 7. Ne5 Nbd7 8. f4 Qa5 9. Bd3 e6 10. 0-0 Qc7 11. Rc1 Qb8 12. Qf3 Nb6 13. c5 Nbd7 14. g4 Nxe5 15. fxe5 Ne8 16. Be7 Qc7 17. Bxf8 Bxf8 18. Rc2 b6 19. b4 bxc5 20. bxc5 a5 21. Rcf2 Ra7 22. Na4 Bh6 23. Nb6 Bg5 24. Qg3 Qd8 25. Nxc8 Qxc8 26. h4 Bh6 27. g5 Bg7 28. Rb2 Bf8 29. Rfb1 Ng7 30. Rb8 Qc7 31. Qf2 Nf5 32. Bxf5 exf5 33. h5 Qe7 34. Qf4 a4 35. h6 a3 36. e6 fxe6 37. Kf2 Kf7 38. Rxf8+ Qxf8 39. Rb8 Qe7 40. Qe5 1-0

[Event "Florianopolis op 5th"]
[Site "Florianopolis"]
[Date "2019.01.22"]
[Round "2"]
[White "Alves, Josue Pires"]
[Black "Riline Orso, Alejandro"]
[Result "0-1"]
[WhiteElo "1841"]
[BlackElo "2107"]
[PlyCount "52"]
[EventDate "2019.01.21"]
[EventType "swiss"]
[EventRounds "10"]
[EventCountry "BRA"]
[SourceTitle "CBM 188 Extra"]
[Source "ChessBase"]
[SourceDate "2019.02.26"]
[SourceVersion "1"]
[SourceVersionDate "2019.02.26"]
[SourceQuality "1"]

1. d4 d5 2. Nc3 Nf6 3. Bg5 Nbd7 4. Nf3 c6 5. a3 g6 6. Qd2 Ne4 7. Nxe4 dxe4 8. Ng1 h6 9. Bf4 Bg7 10. h4 Qb6 11. 0-0-0 Nf6 12. Be5 0-0 13. Qf4 c5 14. d5 c4 15. c3 Qb3 16. d6 Nh5 17. Qxe4 Bf5 18. Qxf5 gxf5 19. Bxg7 Nxg7 20. e3 Rfd8 21. d7 b5 22. g4 b4 23. axb4 a5 24. Bg2 axb4 25. Bxa8 bxc3 26. bxc3 Qxc3+ 0-1

[Event "Amapa-ch 12th"]
[Site "Macapa"]
[Date "2017.12.19"]
[Round "1.2"]
[White "Miranda, Luiz Paula"]
[Black "Alves, Josue Pires"]
[Result "1-0"]
[WhiteElo "2009"]
[BlackElo "1867"]
[PlyCount "73"]
[EventDate "2017.12.22"]
[EventType "tourn"]
[EventRounds "10"]
[EventCountry "BRA"]
[SourceTitle "EXT 2022"]
[Source "ChessBase"]
[SourceDate "2021.10.06"]
[SourceVersion "1"]
[SourceVersionDate "2021.10.06"]
[SourceQuality "1"]

1. d4 Nf6 2. Nf3 d5 3. c4 e6 4. Nc3 Be7 5. Bg5 h6 6. Bh4 0-0 7. e3 b6 8. Bxf6 Bxf6 9. b4 c5 10. b5 Bb7 11. cxd5 exd5 12. Bd3 Nd7 13. 0-0 Rc8 14. Ne2 c4 15. Bc2 Re8 16. Nc3 Nc5 17. Bf5 Rc7 18. Qc2 Ne4 19. Nd2 Qe7 20. Ndxe4 dxe4 21. Rfd1 g6 22. Bh3 Rd8 23. a4 Bg7 24. g3 h5 25. Bg2 f5 26. h4 Kh7 27. Ne2 c3 28. Bh3 Kh6 29. Nf4 g5 30. hxg5+ Qxg5 31. Ne6 Qe7 32. Nxc7 Qxc7 33. Rac1 Qf7 34. Qxc3 h4 35. Qc7 Qg6 36. Qxd8 Bf6 37. Qd6 1-0

[Event "Macapa Villa Nova Shopping Etapa 5"]
[Site "Macapa"]
[Date "2017.06.28"]
[Round "4.2"]
[White "Alves, Josue Pires"]
[Black "Miranda, Luiz Paula"]
[Result "0-1"]
[WhiteElo "1750"]
[BlackElo "2033"]
[PlyCount "60"]
[EventDate "2017.06.23"]
[EventType "swiss"]
[EventRounds "5"]
[EventCountry "BRA"]
[SourceTitle "EXT 2022"]
[Source "ChessBase"]
[SourceDate "2021.10.06"]
[SourceVersion "1"]
[SourceVersionDate "2021.10.06"]
[SourceQuality "1"]

1. e4 d6 2. Nf3 c5 3. Bb5+ Nc6 4. Bxc6+ bxc6 5. 0-0 g6 6. b3 Bg7 7. Nc3 Nf6 8. Re1 e5 9. h3 0-0 10. d3 Nh5 11. Bg5 f6 12. Bd2 Bh8 13. Qc1 Ng7 14. Bh6 Rf7 15. Bd2 Ne6 16. Ne2 Bd7 17. c3 Qb6 18. Be3 f5 19. b4 f4 20. bxc5 Qa6 21. Bd2 Nxc5 22. Ng5 Nxd3 23. Qb1 Nxe1 24. Nxf7 Nf3+ 25. gxf3 Kxf7 26. Nc1 Bf6 27. Qb4 c5 28. Qb3+ Be6 29. Qb2 Bxh3 30. Rb1 Qf1+ 0-1